000 02129nam a2200445 4500
001 13725486
005 20141029101913.0
006 000
007 000
008 000
010 _a 2004113828
020 _a053449501X
020 _a0534406718 (CDROM)
035 _a(OCoLC)ocm58544000
040 _aUOEL
_cCIN
_dBAKER
_dDLC
042 _alccopycat
050 0 0 _aQA39.2
_b.H28 2006
082 0 0 _a510
_222
100 1 _aHaggard, Gary.
245 1 0 _aDiscrete mathematics for computer science /
_cGary Haggard, John Schlipf and Sue Whitesides.
260 _aBelmont, CA :
_bThomson Brooks/Cole,
_cc2006.
300 _axxiii, 600 p. ;
_c24 cm. +
_e1 computer optical disc (4 3/4 in.)
500 _aAccompanying CD-ROM: Student solutions manual for Discrete mathematics for computer science (Belmont, CA: Thomson, c2005).
500 _aIncludes index.
538 _aPC: Windows 98, ME, 2000, XP (not NT); Pentium II 233 MHrz; 32 MB RAM (64 recommended); 800 x 600, 16-bit high-color display; 16-bit sound card; spearkers or headphones; 8x CD-ROM drive.
538 _aMac: MAC OS 8.6 or later; PowerPC processor or later; 64 MB RAM; 800 x 600, 16-bit high-color display; 16-bit sound card; spearkers or headphones; 8x CD-ROM drive.
650 0 _aMathematics.
650 0 _aComputer science
_xMathematics.
700 1 _aSchlipf, John.
700 1 _aWhitesides, Sue H.,
_d1946-
740 0 _aStudent solutions manual for Discrete mathematics for computer science.
740 0 _aDiscrete mathematics for computer science.
_pStudent solutions manual (CD-ROM)
856 4 2 _3Contributor biographical information
_uhttp://www.loc.gov/catdir/enhancements/fy1103/2004113828-b.html
856 4 2 _3Publisher description
_uhttp://www.loc.gov/catdir/enhancements/fy1103/2004113828-d.html
856 4 1 _3Table of contents only
_uhttp://www.loc.gov/catdir/enhancements/fy1103/2004113828-t.html
906 _a7
_bcbc
_ccopycat
_d3
_eepcn
_f20
_gy-gencatlg
942 _2lcc
_cSL2
999 _c1014
_d1014